The French Enlightenment/ (Record no. 1124)
[ view plain ]
| 000 -LEADER | |
|---|---|
| fixed length control field | 00864cam a2200313 4500 |
| 001 - CONTROL NUMBER | |
| control field | 1124 |
| 003 - CONTROL NUMBER IDENTIFIER | |
| rucl marc code | BD-RjUL |
| 005 - DATE AND TIME OF LATEST TRANSACTION | |
| control field | 20211208233259.0 |
| 008 - FIXED-LENGTH DATA ELEMENTS--GENERAL INFORMATION | |
| fixed length control field | 131123s1972 enk b 001 0 eng |
| 020 ## - INTERNATIONAL STANDARD BOOK NUMBER | |
| International Standard Book Number | 0333075765 |
| 035 ## - SYSTEM CONTROL NUMBER | |
| System control number | (BD-RjUL)1146 |
| 040 ## - CATALOGING SOURCE | |
| Original cataloging agency | DLC |
| Transcribing agency | DLC |
| Modifying agency | DLC |
| Language of cataloging | eng |
| 041 ## - LANGUAGE CODE | |
| Language code of text/sound track or separate title | eng |
| 082 00 - DEWEY DECIMAL CLASSIFICATION NUMBER | |
| Classification number | 194 |
| Edition number | 16 |
| Author mark and year | BRF 1972 |
| 100 1# - MAIN ENTRY--PERSONAL NAME | |
| Personal name | Brumfitt, J. H. |
| 9 (RLIN) | 3313 |
| 245 14 - TITLE STATEMENT | |
| Title | The French Enlightenment/ |
| Statement of responsibility, etc. | J. H. Brumfitt. |
| 260 ## - PUBLICATION, DISTRIBUTION, ETC. (IMPRINT) | |
| Place of publication, distribution, etc. | London: |
| Name of publisher, distributor, etc. | Macmillan, |
| Date of publication, distribution, etc. | 1972. |
| 300 ## - PHYSICAL DESCRIPTION | |
| Pagination | 176 p. |
| Size | 21 cm. |
| 350 ## - PRICE (NR) (BK AM CF MU VM SE) [OBSOLETE] | |
| Price | £2.00 |
| 490 0# - SERIES STATEMENT | |
| Series statement | Philosophers in perspective |
| 504 ## - BIBLIOGRAPHY, ETC. NOTE | |
| Bibliography, etc | Bibliography: p. 163-172. |
| 526 ## - STUDY PROGRAM INFORMATION NOTE | |
| Requested Dept. | Philosophy |
| 600 10 - SUBJECT ADDED ENTRY--PERSONAL NAME | |
| Personal name | Descartes, René, |
| Dates associated with a name | 1596-1650. |
| 650 #0 - SUBJECT ADDED ENTRY--TOPICAL TERM | |
| Topical term or geographic name as entry element | Enlightenment |
| Geographic subdivision | France. |
| 9 (RLIN) | 3315 |
| Topical term or geographic name as entry element | Philosophy, French |
| Chronological subdivision | 18th century. |
| 9 (RLIN) | 3316 |
| 942 ## - ADDED ENTRY ELEMENTS (KOHA) | |
| Source of classification or shelving scheme | Dewey Decimal Classification |
| Koha item type | Books |
| Lost status | Source of classification or shelving scheme | Damaged status | Not for loan | Collection code | Permanent Location | Current Location | Shelving location | Date acquired | Source of acquisition | Cost, normal purchase price | Total Checkouts | Full call number | Date last seen | Copy number | Koha item type |
|---|---|---|---|---|---|---|---|---|---|---|---|---|---|---|---|
| Dewey Decimal Classification | Not For Loan | Non-fiction | Central Library, University of Rajshahi | Central Library, University of Rajshahi | Reading Room | 13/06/1975 | Johnathan wren & com. | 2.00 | 194 BRF 1972 | 24/11/2013 | C-1 | Books |